000 00605nam a2200205 a 4500
003 MX-MxUPN
005 20230920064605.0
008 991125s1991 mx r 000 0 spa d
020 _a9681204727
035 _aUPN01000006039
040 _aMX-MxUPN
_bspa
_cMX-MxUPN
050 4 _aD1051
_bB32
100 1 _aBazant, Jan
_935729
245 1 0 _aBreve historia política y social de Europa Central y Oriental /
_cJan Bazant.
260 _aMéxico :
_bEl Colegio de México,
_c1991.
300 _a222 páginas
651 4 _aEUROPA CENTRAL -
_xHISTORIA
651 4 _aEUROPA ORIENTAL -
_xHISTORIA
905 _aLibro
999 _c6039
_d6039